LEADER 00843nam a2200229 u 4500 001 000000031684 003 CaOOAMICUS 005 20070226112152.0 008 971007s1971 fr b u000 u fre u 035 $a10771734 040 $aPUL(R)$bita 100 1 $aColson, Jean.$0(OLS)http://pul/name/11139 245 10$aPaul apôtre martyr /$cJean Colson. 260 $aParis :$bÉditions du Seuil,$cc1971. 300 $a335 p. :$bc. geogr. ;$c21 cm 500 $a"Index" : p. 317-[329]. 504 $a"Bibliographie" : p. 305-[316]. 850 $aPUL 852 $aPUL$W1$xSL Religione 1$y3$m10 E 19$j43722$nBK-PRI$b $qStampati$B43722$CPULBib$Z2$F43722 $H $81 941 1 $a8 996 $6245$aPaul apôtre martyr$9(OLS)http://pul/title/43588 996 $6260$aParis :$bÉditions du Seuil$9(OLS)http://pul/publisher/54032 LEADER 01356nam a2200301 a 4500 001 000000137442 003 CaOOAMICUS 005 20140224103806.0 008 140224s2013 fr u000 u fre r 020 $z9782204099622* 040 $aPUL$bita 100 1 $aMaterne, Pierre-Yves.$0(OLS)http://pul/name/88576 245 13$aLa condition de disciple :$béthique et politique chez J.B. Metz et S. Hauerwas /$cPierre-Yves Materne ; préface de Jean-Louis Souletie. 260 $aParis :$bCerf,$c2013. 300 $a467 p. ;$c22 cm 490 1 $aCogitatio fidei ;$v289 504 $aBibliografia in nota. 600 14$aMetz, Johann Baptist,$d1928-2019.$0(OLS)http://pul/subject/18764 600 14$aHauerwas, Stanley,$d1940-$0(OLS)http://pul/subject/26726 700 1 $aSouletie, Jean-Louis.$0(OLS)http://pul/name/43250 830 0$aCogitatio fidei ;$v289.$0(OLS)http://pul/title/876 850 $aPUL 852 $aPUL$W1$xSL Religione 2$y84$mTheol A13 289$j158441$qStampati Altre Collocazioni$B157960$CPULBib$Z2$F157960 $H123493 $82 941 1 $a10 996 $6020$z9782204099622*$9(OLS)http://pul/number/154548 996 $6245$aLa condition de disciple :$béthique et politique chez J.B. Metz et S. Hauerwas$9(OLS)http://pul/title/174006 996 $6260$aParis :$bCerf$9(OLS)http://pul/publisher/48238